00000000nam 2200000za 4500
0019.846628
003CaOODSP
00520241203113640
007cr |||||||||||
008171106s1997    onca|||fo    f000 0 eng d
040 |aCaOODSP|beng
043 |an-cn-on
0861 |aEn13-5/97-124E-PDF
1001 |aTwiss, Michael R.
24510|aLimitation by iron of phytoplankton from the open waters of Lake Erie |h[electronic resource] / |cMichael R. Twiss, Jean-Christian Auclair & Murray Charlton.
260 |aBurlington, Ont. : |bNational Water Research Institute,|c1997.
300 |a16 p. : |bill.
4901 |aNWRI contribution ; |v97-124
500 |aDigitized edition from print [produced by Environment and Climate Change Canada].
504 |aIncludes bibliographical references.
5200 |a"Experiments in Lake Erie during 1996 indicated that algae growth was limited by iron availability. This is important because the algae are usually thought to be limited by phosphorus. The phosphorus limitation phenomenon is so well accepted that fishing interests are beginning to suggest that waning fish production is a sign that phosphorus controls under the Great Lakes Water Quality Agreement went too far"--Management perspective.
69207|2gccst|aWater quality
69207|2gccst|aWater pollution
7001 |aAuclair, J. C. |q(Jean Christian)
7001 |aCharlton, Murray N.
7101 |aCanada. |bEnvironment Canada.
7102 |aNational Water Research Institute (Canada)
830#0|aNWRI contribution ;|vno. 97-124|w(CaOODSP)9.844121
85640|qPDF|s1.22 MB|uhttps://publications.gc.ca/collections/collection_2017/eccc/En13-5-97-124-eng.pdf